000 00562nam a2200229Ia 4500
003 OSt
005 20221005121544.0
006 a|||||r|||| 00| 0
007 ta
008 221004b |||||||| |||| 00| 0 eng d
024 _a63909
037 _cTextual
040 _aCRL
_cCRL
_beng
041 _2eng
_aeng
082 _aV262:1:L5, H8.2
100 _aSarkar Jadunath Ed.
245 0 _aHistory of Bengal
260 _c1948
650 _aHISTORY
942 _hV262:1:L5, H8.2
_cTEXL
_2cc
999 _c1041526
_d1041526